Test of professional competence practical task...November 1990. (Record no. 91859)

MARC details
000 -LEADER
fixed length control field 00467cam a2200181 4500
001 - CONTROL NUMBER
control field J955
008 - FIXED-LENGTH DATA ELEMENTS--GENERAL INFORMATION
fixed length control field 090401t1990 xxu||||| |||| 00| 0 eng d
035 ## - SYSTEM CONTROL NUMBER
System control number (Sirsi) u45980
041 ## - LANGUAGE CODE
Language code of text/sound track or separate title eng
100 ## - MAIN ENTRY--PERSONAL NAME
Personal name Bartholomew, Terence
245 ## - TITLE STATEMENT
Title Test of professional competence practical task...November 1990.
260 ## - PUBLICATION, DISTRIBUTION, ETC.
Date of publication, distribution, etc. 1990
350 ## - PRICE (NR) (BK AM CF MU VM SE) [OBSOLETE]
Price 0
490 ## - SERIES STATEMENT
Series statement BS
Volume/sequential designation 75
520 ## - SUMMARY, ETC.
Summary, etc. FOR SPECIAL LOAN TO TPC DOCTORS OR EXAMINERS ONLY.
942 ## - ADDED ENTRY ELEMENTS (KOHA)
Suppress in OPAC 0
948 ## - LOCAL PROCESSING INFORMATION (OCLC); SERIES PART DESIGNATOR (RLIN)
c (OCLC) 04/03/1997
Holdings
Withdrawn status Lost status Source of classification or shelving scheme Damaged status Not for loan Home library Current library Shelving location Date acquired Total Checkouts Full call number Barcode Date last seen Copy number Price effective from Koha item type
    Dewey Decimal Classification     London London Enquiry desk 24/08/1992   ENQUIRY DESK 30033895 06/08/2019 1 06/08/2019 Reference material